000 00583 a2200181 4500
999 _c5301
_d5301
010 _aENG-86814
020 _a8120332393
_c225.00
035 _aEN-70347
037 _bDBAD / PUB
082 1 4 _a003.76
100 1 _aHentenryck, Pascal Van
245 1 _aOnline stochastic combinatorial optimization /
_cby Pascal Van Hentenryck [and] Pascal Van
260 _aNew Delhi
_bPrentice-Hall of India
_c2007
270 _aM-97, Connaught Circus
_bNew Delhi
_e110 001
300 _axiii, 232p
_c24cm (pbk)
500 _aIncludes index
942 _adpl
_cEN
_2ddc
_h003.76
_mHEN